<?xml version="1.0" encoding="UTF-8"?>
<record
    xmlns:xsi="http://www.w3.org/2001/XMLSchema-instance"
    xsi:schemaLocation="http://www.loc.gov/MARC21/slim http://www.loc.gov/standards/marcxml/schema/MARC21slim.xsd"
    xmlns="http://www.loc.gov/MARC21/slim">

  <leader>01554nam a22002297a 4500</leader>
  <controlfield tag="005">20230722101417.0</controlfield>
  <controlfield tag="008">230722b           ||||| |||| 00| 0 eng d</controlfield>
  <datafield tag="020" ind1=" " ind2=" ">
    <subfield code="a">9789393986542</subfield>
  </datafield>
  <datafield tag="040" ind1=" " ind2=" ">
    <subfield code="c">AL</subfield>
  </datafield>
  <datafield tag="041" ind1=" " ind2=" ">
    <subfield code="a">English</subfield>
  </datafield>
  <datafield tag="082" ind1=" " ind2=" ">
    <subfield code="2">23</subfield>
    <subfield code="a">351.3</subfield>
    <subfield code="b">SINH</subfield>
  </datafield>
  <datafield tag="100" ind1=" " ind2=" ">
    <subfield code="a">Gamini Singla</subfield>
    <subfield code="9">128113</subfield>
  </datafield>
  <datafield tag="245" ind1=" " ind2=" ">
    <subfield code="a">How I Topped the UPSC and How You Can Too: What It Really Takes to Crack the Worlds Toughest Exam </subfield>
  </datafield>
  <datafield tag="260" ind1=" " ind2=" ">
    <subfield code="a">New Delhi</subfield>
    <subfield code="b">Juggernaut Books</subfield>
    <subfield code="c">2022</subfield>
  </datafield>
  <datafield tag="300" ind1=" " ind2=" ">
    <subfield code="a">viii,200 p.</subfield>
    <subfield code="b">PB</subfield>
    <subfield code="c">20x13 cm.</subfield>
  </datafield>
  <datafield tag="365" ind1=" " ind2=" ">
    <subfield code="a">BLCR-000023</subfield>
    <subfield code="b">&#x20B9;280.00</subfield>
    <subfield code="c">&#x20B9;</subfield>
    <subfield code="d">&#x20B9;350.00</subfield>
    <subfield code="e">20%</subfield>
    <subfield code="f">11-07-2023</subfield>
  </datafield>
  <datafield tag="520" ind1=" " ind2=" ">
    <subfield code="a">Gamini Singla stood all India third in the UPSC CSE 2021 exam rankings. Just a year before, she didn&#x2019;t even make it past the first stage &#x2013; the Prelims.What did she do differently this time? In this book, Gamini gives you all her strategies and also the lessons she learnt from her mistakes &#x2013; from exactly how to plan your day, take effective notes, to exercise routines while you study. But most importantly, she argues that preparing psychologically for the exams, from dealing with self-doubt and anxiety to building confidence, is what will take you across the finish line. A book not just for all UPSC candidates but also for anyone giving competitive exams, How ITopped the UPSC is a no-holdsbarred book full of so many hacks and so much honesty &#x2013; you won&#x2019;t need anything else to succeed.</subfield>
  </datafield>
  <datafield tag="650" ind1=" " ind2=" ">
    <subfield code="a">Civil Services Examinations</subfield>
    <subfield code="9">128114</subfield>
  </datafield>
  <datafield tag="650" ind1=" " ind2=" ">
    <subfield code="a">Union Public Service Commission</subfield>
    <subfield code="9">128115</subfield>
  </datafield>
  <datafield tag="700" ind1=" " ind2=" ">
    <subfield code="a">SINGLA (Gamini)</subfield>
    <subfield code="9">128116</subfield>
  </datafield>
  <datafield tag="942" ind1=" " ind2=" ">
    <subfield code="2">ddc</subfield>
    <subfield code="c">BK</subfield>
  </datafield>
  <datafield tag="999" ind1=" " ind2=" ">
    <subfield code="c">228070</subfield>
    <subfield code="d">228070</subfield>
  </datafield>
  <datafield tag="952" ind1=" " ind2=" ">
    <subfield code="0">0</subfield>
    <subfield code="1">0</subfield>
    <subfield code="2">ddc</subfield>
    <subfield code="4">0</subfield>
    <subfield code="7">0</subfield>
    <subfield code="8">PS</subfield>
    <subfield code="a">AL</subfield>
    <subfield code="b">AL</subfield>
    <subfield code="d">2023-07-20</subfield>
    <subfield code="e">Navakarnataka Publications Pvt.Ltd.</subfield>
    <subfield code="g">280.00</subfield>
    <subfield code="l">10</subfield>
    <subfield code="m">1</subfield>
    <subfield code="o">351.3 SINH</subfield>
    <subfield code="p">076594</subfield>
    <subfield code="r">2026-03-16 10:02:05</subfield>
    <subfield code="s">2026-03-10</subfield>
    <subfield code="v">350.00</subfield>
    <subfield code="w">2023-07-22</subfield>
    <subfield code="y">BK</subfield>
  </datafield>
</record>
